00734nam a2200217Ia 4500003000400000005001700004008004100021020001500062040001800077041000800095082002100103100002900124245005900153250001200212260003800224300003000262650002700292942003400319999001900353952014400372OSt20241217112851.0210716s1982 xx 000 0 und d a0553210734 cAIMIT LIBRARY aeng a808.83 21bHINR aHingley, Ronald.9191341 aFive major plays by anton chekhov /cBy Anton Chekhov. a1st ed. aNew York :bBantam books ;c1982. axxxiv, 320p. ;bPBc17cm. aCherry orchard9191342 2ddccBKe1st ed.k808.83 HINR c199848d199848 00102ddc40708MBAaAIMITbAIMITd2021-07-16iBill no:; Bill dt:1900-01-00l0o808.83 HINRpMBA02413r2025-07-21 00:00:00w2021-07-16yBK